[Event "Niedersachsen-ch op-A"]
[Site "Verden"]
[Date "2015.01.02"]
[Round "2"]
[White "Stipancic, Michael"]
[Black "Krneta, Slavko"]
[Result "1/2-1/2"]
[WhiteElo "1898"]
[BlackElo "1872"]
[PlyCount "31"]
[EventDate "2015.01.02"]
[EventType "swiss"]
[EventRounds "7"]
[EventCountry "GER"]
[SourceTitle "EXT 2018"]
[Source "ChessBase"]
[SourceDate "2017.10.13"]
[SourceVersion "1"]
[SourceVersionDate "2017.10.13"]
[SourceQuality "1"]

1. c4 e6 2. g3 d5 3. Bg2 c6 4. b3 Nd7 5. Nf3 Ngf6 6. 0-0 Be7 7. d4 0-0 8. Nbd2 b5 9. Re1 Bb4 10. Bb2 Ne4 11. a3 Ba5 12. b4 Nxd2 13. Nxd2 Bc7 14. cxb5 cxb5 15. e4 Bb7 16. e5 1/2-1/2